Agricultura y colonizacion en México en 1900 / (Record no. 169760)
[ view plain ]
| 000 -CABECERA | |
|---|---|
| campo de control de longitud fija | 01611nam a2200373Ia 4500 |
| 001 - NÚMERO DE CONTROL | |
| campo de control | Z_6495 |
| 003 - IDENTIFICADOR DEL NÚMERO DE CONTROL | |
| campo de control | CHAP |
| 008 - DATOS DE LONGITUD FIJA--INFORMACIÓN GENERAL | |
| campo de control de longitud fija | 220113s1986 xx 000 0 und d |
| 010 ## - NÚMERO DE CONTROL DE LA BIBLIOTECA DEL CONGRESO | |
| Número de control de LC | 169760 |
| 020 ## - NÚMERO INTERNACIONAL ESTÁNDAR DEL LIBRO | |
| Número Internacional Estándar del Libro | 968-884-007-6 |
| 040 ## - FUENTE DE LA CATALOGACIÓN | |
| Centro/agencia transcriptor | CHAP |
| 082 ## - NÚMERO DE LA CLASIFICACIÓN DECIMAL DEWEY | |
| Número de clasificación | 338.1 K34 |
| 100 ## - ENTRADA PRINCIPAL--NOMBRE DE PERSONA | |
| Nombre de persona | Kaerger, Karl, 1858 -1903 |
| 9 (RLIN) | 144955 |
| 240 ## - TÍTULO UNIFORME | |
| Título uniforme | Landwirtschaft und kolonisation im spanischen amerika |
| 245 ## - MENCIÓN DE TÍTULO | |
| Título | Agricultura y colonizacion en México en 1900 / |
| Mención de responsabilidad, etc. | Karl kaerger ; traducción de Pedro Lewin y Gudrun Dohrmann ; introducción Roberto Melville ; responsable de versíón en español Teresa Rojas Rabiela... [et.al.] |
| 260 ## - PUBLICACIÓN, DISTRIBUCIÓN, ETC. | |
| Lugar de publicación, distribución, etc. | México : |
| Nombre del editor, distribuidor, etc. | UACh :, |
| -- | Centro de Investigaciones y Estudios Superiores en Antopológia Social, |
| Fecha de publicación, distribución, etc. | 1986 |
| 300 ## - DESCRIPCIÓN FÍSICA | |
| Extensión | 349 p. |
| 500 ## - NOTA GENERAL | |
| Nota general | Traduccion de : landwirtschaft und kolonisation im spanischen amerika \ Cuidado de la edición: Benjamín Araujo \ Fotografía: Pedro Rojas \ Diseño de portada: Fernando Rodríguez |
| 503 ## - NOTA DE HISTORIA BIBLIOGRÁFICA (BK CF MU) [OBSOLETO] | |
| Nota de historia bibliográfica | ej.1: donación 2014 |
| 504 ## - NOTA DE BIBLIOGRAFÍA, ETC. | |
| Nota de bibliografía, etc. | incluye índice |
| 650 ## - PUNTO DE ACCESO ADICIONAL DE MATERIA--TÉRMINO DE MATERIA | |
| Término de materia o nombre geográfico como elemento de entrada | Agricultura |
| Subdivisión general | |
| -- | Aspectos económicos |
| -- | |
| -- | Historia |
| 9 (RLIN) | 144956 |
| 650 ## - PUNTO DE ACCESO ADICIONAL DE MATERIA--TÉRMINO DE MATERIA | |
| Término de materia o nombre geográfico como elemento de entrada | Agricultura |
| Subdivisión general | |
| -- | Historia |
| -- | |
| -- | México |
| 9 (RLIN) | 144957 |
| 700 ## - PUNTO DE ACCESO ADICIONAL--NOMBRE DE PERSONA | |
| Nombre de persona | Dohrmann, Gudrun, tr. |
| 9 (RLIN) | 144958 |
| 700 ## - PUNTO DE ACCESO ADICIONAL--NOMBRE DE PERSONA | |
| Nombre de persona | Melville, Roberto, pról. |
| 9 (RLIN) | 144959 |
| 700 ## - PUNTO DE ACCESO ADICIONAL--NOMBRE DE PERSONA | |
| Nombre de persona | Rojas Rabiela, Teresa, rep. ver. español |
| 9 (RLIN) | 144960 |
| 700 ## - PUNTO DE ACCESO ADICIONAL--NOMBRE DE PERSONA | |
| Nombre de persona | Lewin, Pedro, tr. |
| 9 (RLIN) | 144961 |
| 710 ## - PUNTO DE ACCESO ADICIONAL--NOMBRE DE ENTIDAD CORPORATIVA | |
| Nombre de entidad corporativa o nombre de jurisdicción como elemento de entrada | Universidad Autónoma Chapingo \ Centro de Investigaciones y Estudios Superiores en Antropología Social (México) |
| 9 (RLIN) | 144962 |
| 901 ## - ELEMENTOS DE DATOS A LOCAL LDA (RLIN) | |
| a | 338.1 K34 |
| 902 ## - ELEMENTOS DE DATOS B LOCAL, LDB (RLIN) | |
| a | M |
| 910 ## - DATOS DE OPCIÓN DEL USUARIO (OCLC) | |
| Datos de opción del usuario | 1986 |
| 942 ## - ELEMENTOS DE PUNTO DE ACCESO ADICIONAL (KOHA) | |
| Tipo de ítem Koha | Libro_ |
| 942 ## - ELEMENTOS DE PUNTO DE ACCESO ADICIONAL (KOHA) | |
| Tipo de ítem Koha | |
| Estado de retiro | Estado de pérdida | Fuente del sistema de clasificación o colocación | Estado dañado | No para préstamo | Código de colección | Localización permanente | Ubicación/localización actual | Ubicación en estantería | Fecha de adquisición | Código de barras | Fecha visto por última vez | Número de copia | Precio válido a partir de | Tipo de ítem Koha |
|---|---|---|---|---|---|---|---|---|---|---|---|---|---|---|
| Dewey Decimal Classification | General | Zootecnia | Zootecnia | 20/10/2014 | z_6374 | 18/01/2022 | 1 | 18/01/2022 | Libro |
